000 00319nam a2200133Ia 4500
005 20250409181544.0
008 250409s9999||||xx |||||||||||||| ||und||
020 _a81-264-1363-8
100 _aCHANDRAMATHI
245 0 _aNJANDUKALUDE NATTIL ORIDAVELA
260 _bD C BOOKS
_aKOTTAYAM
300 _a102
942 _cBOOK
999 _c24090
_d24090